01354njm a2200325Ia 450000100060000000300090000600500170001500800410003204000130007304000130008604100130009999900170011299900070012910000330013610000250016910000440019424500390023825000110027726000090028826000630029730000170036030000290037750000270040650501600043365000630059370000680065670000600072494200120078495202320079626682IT-RoPAU20220918181110.0131025s9999 xx 000 0 und d aIT-RoPAU cIT-RoPAU aITAL/TED c98942d98942 bSI aBach Johann Sebastian916268 eAutore musica916269 gCodice autore musica SPICS: 9695916270 aCantate sacre di J.S. Bach (Le) 53 a1a ed. aROMA bSPICS RECORDSc1984 [1a Ed.:1984 - Ed. Lingua Orig.: 1984] aMUSICASSETTA c90 minuti (Testo: pag.) aMusica sacra. Cantata. aCantata BWV 055 Ich Armen Mensch, Ich Sundenknecht - Cantata BWV 089 Was Soll Ich Aus Dir Machen, Ephraim? - Cantata BWV 115 Mache Dich, Mein Geist, Bereit aMUSICA SACRA [CASSETTE]eCodice MATERIA SPICS: 9951916271 aBasso AlbertoeInterpretegCodice interprete SPICS: 9484916272 aBasso AlbertogCodice autore SPICS: 9484eAutore916273 cMC2ddc 001040626682_00000000000000071aSPICSbSPICSd2013-10-25l0o26682r2013-10-25 00:00:00w2013-10-25yMCzProgr. Ins.: 6241 / N.Vol.: 1 / Copie: 1 - Copia rara: SI / date import: 01.01.2014 - By Epidotti, Trombetti, Vaglietti